La expresión arquitectónica en México = The Architectural Expression in México /

שמור ב:
מידע ביבליוגרפי
מחבר ראשי: Veraza, Eduardo (coord.)
פורמט: ספר
שפה:ספרדית
נושאים:
תגים: הוספת תג
אין תגיות, היה/י הראשונ/ה לתייג את הרשומה!

MARC

LEADER 00000nam^a2200000^a^4500
001 000184928
005 20250526000000.0
009 20260310102133.858
037 |a Acervo ITESO - Biblioteca 
041 |a ESP 
082 |a 720. 22272  |b VER 
100 |a Veraza, Eduardo  |e (coord.) 
245 1 3 |a La expresión arquitectónica en México =  |b The Architectural Expression in México /  |c Coord. de E. Veraza ; tr. por Stephen Murray, Fabiana Márquez. 
264 |a México :  |b Victor Márquez Arquitectos,  |c fecha no identificada 
300 |a 200 p. ;  |c 22.5 cm. 
336 |a texto  |b txt  |2 rdacontenido 
337 |a sin mediación  |b n  |2 rdamedio 
338 |a volumen  |b nc  |2 rdasoporte 
649 |a XX 
650 |a Dibujo Arquitectónico -  |z México -  |x Catálogos -  |x Tema Principal 
650 |a Representación Arquitectónica -  |z México 
650 |a Arquitectura Moderna -  |x Historia y Crítica 
650 |a Arquitectura Mexicana -  |x Historia y Crítica 
650 |a Arte Moderno -  |x Historia y Crítica 
650 |a Arte Mexicano -  |x Historia y Crítica 
910 |a Fondo Julio de la Peña Lomelín 
920 |a Impresos - Libros 
930 |a Libros Antiguos y Raros 
940 |a Arquitectos Jaliscienses 
905 |a 108 
901 |a 0500125813  |b IT2  |c LRA  |u 20250526 
902 |a https://opac.biblio.iteso.mx/vufind/Record/000184928